La Capella del Santíssim de l'església de Sant Miquel. Cardona

Պահպանված է:
Մատենագիտական մանրամասներ
Հիմնական հեղինակ: González Moreno-Navarro, Antoni (Հեղինակ)
Ձևաչափ: Գիրք
Լեզու:կատալաներեն
Հրապարակվել է: Barcelona Diputació de Barcelona 1992
Հրատարակություն:1a. ed
Շարք:Monografies, 2
Խորագրեր:
Ցուցիչներ: Ավելացրեք ցուցիչ
Չկան պիտակներ, Եղեք առաջինը, ով նշում է այս գրառումը!

MARC

LEADER 00000nam a2200000 a 4500
001 UCK1006
003 CL-VaPUC
008 041029e19920000SP |||||||||||||||||cat|d
020 |a 8477942048 
082 0 4 |a 726.4  |b GON  |2 21 
100 |a González Moreno-Navarro, Antoni  |e author  |9 488825 
245 1 3 |a La Capella del Santíssim de l'església de Sant Miquel. Cardona 
250 |a 1a. ed 
300 |a 53 p 
942 |c BK 
945 |d 20041029 00:00:00  |a cmena 
260 |a Barcelona  |b Diputació de Barcelona  |c 1992 
650 0 |a Capillas  |9 329555 
650 0 |a Arquitectura religiosa  |9 266677 
650 0 |a Parroquias   |9 258927 
583 |a last modification  |c 20041029 00:00:00  |k Rodrigo Vera 
490 0 |a Monografies, 2 
999 |c 311142  |d 311140 
952 |0 0  |1 0  |4 0  |6 726_400000000000000_GON_1992  |7 0  |8 A  |9 380419  |a BIBARQ  |b BIBARQ  |d 2019-11-21  |i 4072707  |o 726.4 GON 1992  |p 4072707  |r 2025-01-20  |w 2019-11-21  |y BK  |k ARQ